Computer Security and Penetration Testing (Record no. 356931)

MARC details
000 -LEADER
fixed length control field 00363 a2200145 4500
005 - DATE AND TIME OF LATEST TRANSACTION
control field 20240924140835.0
008 - FIXED-LENGTH DATA ELEMENTS--GENERAL INFORMATION
fixed length control field 240924b |||||||| |||| 00| 0 eng d
020 ## - INTERNATIONAL STANDARD BOOK NUMBER
International Standard Book Number 9788131533444
100 ## - MAIN ENTRY--PERSONAL NAME
Author Basta A.
-- Brown M.
245 ## - TITLE STATEMENT
Title Computer Security and Penetration Testing
250 ## - EDITION STATEMENT
Edition statement 2nd ed.
260 ## - PUBLICATION, DISTRIBUTION, ETC.
Name of publisher, distributor, etc. Cengage
Date of publication, distribution, etc. 2014
300 ## - PHYSICAL DESCRIPTION
Extent 376
942 ## - ADDED ENTRY ELEMENTS (KOHA)
Koha item type Books
Holdings
Withdrawn status Lost status Source of classification or shelving scheme Damaged status Not for loan Home library Current library Date acquired Vendor Net Price Total Checkouts Full call number Barcode Date last seen Date last checked out Actual Price Bill Date Koha item type
    Dewey Decimal Classification     Cummins College of Engineering for Women Pune Cummins College of Engineering for Women Pune 06/02/2024 144 299.25 1 005.8 BAS CCEP-BK-66106 15/05/2024 27/04/2024 399.00 06/02/2024 Books